Európska bezpečnostná a obranná politika vo svetle Lisabonskej zmluvy

Súčasná európska bezpečnostná a obranná politika (EBOP). Smerovanie európskej integrácie. Hlavné zámery EBOP. Lisabonská zmluva a vývoj globálneho sveta. Posilňovanie spôsobilosti ozbrojených síl, polície a civilných pracovníkov krízového manažmentu. Koordinácia strategického dialógu. Kolektívna ob...

Ausführliche Beschreibung

Gespeichert in:
Bibliographische Detailangaben
1. Verfasser: Kelemen, Miroslav
Weitere Verfasser: Labuzík, Milan
Format: Buchkapitel
Sprache:Slowakisch
Schlagworte:
Tags: Tag hinzufügen
Keine Tags, Fügen Sie das erste Tag hinzu!

MARC

LEADER 00000naa$a2200000$$$4500
001 0098215
005 20251210101427.9
041 0 |a slo 
044 |a SK 
245 1 0 |a Európska bezpečnostná a obranná politika vo svetle Lisabonskej zmluvy  |c Vojtech Jurčák, Milan Labuzík 
520 |a Súčasná európska bezpečnostná a obranná politika (EBOP). Smerovanie európskej integrácie. Hlavné zámery EBOP. Lisabonská zmluva a vývoj globálneho sveta. Posilňovanie spôsobilosti ozbrojených síl, polície a civilných pracovníkov krízového manažmentu. Koordinácia strategického dialógu. Kolektívna obrana a spolupráca EÚ s NATO. Realizácia Lisabonskej zmluvy. 
610 2 0 |a vojenstvo 
610 2 0 |a politika bezpečnostná 
610 2 0 |a politika obranná 
610 2 0 |a Európska únia 
610 2 0 |a USA 
610 2 0 |a obrana štátu 
610 2 0 |a zmluvy medzinárodné 
610 2 0 |a zodpovednosť politická 
100 1 |a Kelemen, Miroslav 
700 1 |a Labuzík, Milan